000 00652nam a2200193Ia 4500
005 20250508163104.0
008 008 250505s9999 xx 000 0 eng d
037 _aDissertations
040 _aFEDL
_beng
_cFEDL
041 _aeng
_2eng
084 _a371.2, ONY/DI
_qFEDL
100 _aOnyango George Adinnho
_9774699
245 0 _aCritical investigation into the relationship between job statifaction and job performance of education officers (School Inspectors) in Delhi
260 _c1983
300 _a99p.
546 _aM.Ed. Dissertation 1983 (Delhi University)
942 _cDIS
_h371.2, ONY/DI
999 _c1380751
_d1380751